Normal view MARC view

Entry Personal Name

Number of records used in: 2

001 - CONTROL NUMBER

  • control field: 63534

003 - CONTROL NUMBER IDENTIFIER

  • control field: dpl

005 - DATE AND TIME OF LATEST TRANSACTION

  • control field: 20240319105240.0

008 - FIXED-LENGTH DATA ELEMENTS

  • fixed length control field: 240319|| aca||aabn | a|a d

040 ## - CATALOGING SOURCE

  • Original cataloging agency: dpl
  • Transcribing agency: dpl

100 ## - HEADING--PERSONAL NAME

  • Personal name: काबरा किशोर

670 ## - SOURCE DATA FOUND

  • Source citation: Work cat.: (dpl)201578: काबरा किशोर, संवेदना और संप्रेषण/, 2021

© Delhi Public Library
Hit Counter
free hit counter